| 000 | 01518nam a2200241Ia 4500 | ||
|---|---|---|---|
| 003 | Ost | ||
| 005 | 20260507075609.0 | ||
| 008 | 260507s9999||||xx |||||||||||||| ||und|| | ||
| 020 | _a9789961020449 | ||
| 040 | _cfsecg | ||
| 041 | _aara | ||
| 082 | _a519.5 | ||
| 100 |
_aحريزي، بوجمعة _eمؤلف |
||
| 245 | 0 |
_aالإحصاء الإستدلالي : _b مقاييس العلاقات الارتباطية / _c بوجمعة حريزي |
|
| 260 |
_aالجزائر : _bديوان المطبوعات الجامعية, _c2018 |
||
| 300 |
_a171 صفحة؛ _bإيضاحات ؛ _c24 سم |
||
| 504 | _aالمراجع ص.156 الجداول ص.159 | ||
| 520 | _aتناول هذا الكتاب مجموعة من المواضيع المدققة في الإحصاء الاستدلالي ومقاييس العلاقة الارتباطية بشكل منسجم مع الخطة التدريسية المعتمدة في الجامعة الجزائرية (مفاهيم احصائية، المعاملات الارتباطية لمتغيرين من المستوى الكمي والرتبي والاسمي ...، تحليل الانحدار )، كما قدمت معظم مقاييس العلاقة بين المتغيرات بشكل متسلسل ومتدرج ليتناسب والقدرات المختلفة للطلبة. | ||
| 653 | _aالإحصاء - المعاملات الإرتباطية | ||
| 653 | _aالإحصاء الاستدلالي | ||
| 700 |
_aطه ، حمود _eمؤلف ثانوي |
||
| 942 | _cكتاب | ||
| 999 |
_c45061 _d45061 |
||